000 00742cam a2200253 4500
008 000000n2000 000 0 eng u
020 _a0728203510
035 _a(Sirsi) u111468
050 _a711.14
_c18
100 _aDenyer-Green, Barry P. D.
245 _aCompulsory purchase and compensation
250 _a6th ed.
260 _aLondon
_bEstates Gazette
_c2000
300 _ali, 437p.
_c22cm.
350 _a28
520 _aSuperseded by seventh edition (ISBN 0728203979).
650 _aPROPERTY-RURAL AND NATURAL ASSETS-AGRICULTURAL PROPERTY-AGRICULTURAL LAND
650 _aCOMPENSATION
650 _aBLIGHT
650 _aLANDS TRIBUNAL
650 _aLAW
690 _aCOMPULSORY PURCHASE AND COMPENSATION
942 _n0
999 _c101249
_d101249